00658nam a2200217Ia 4500003000400000005001700004008004100021020001400062040000700076041000800083082002200091100002700113245002800140260004500168300001300213365001300226906002900239942001200268999001900280952014100299OSt20230506125629.0210423s2005 xx 000 0 und d a195674014 cAL aeng a541.28 223bBROJ aBROWN (John M).999421 aMolecular spectroscopy. aNew DelhibOxford University Pressc2005 a89,1bPB b125cINR aMolecular ; spectroscopy 2ddccBK c163765d163765 001040708BIOCaSACPGbSACPGd2008-09-11eHigginbothams Pvt Ltdg125.00l0o541.28 BROJpPG010262r2022-08-24 00:00:00w2021-04-26yBK